Populismo o mercados : (Registro nro. 18594)

Detalles MARC
000 -LEADER
fixed length control field 01185nam a2200313 4500
001 - CONTROL NUMBER
control field 0000021883
003 - CONTROL NUMBER IDENTIFIER
control field CO-CtgCURN
005 - DATE AND TIME OF LATEST TRANSACTION
control field 20250331184412.0
007 - PHYSICAL DESCRIPTION FIXED FIELD--GENERAL INFORMATION
fixed length control field ta
008 - FIXED-LENGTH DATA ELEMENTS--GENERAL INFORMATION
fixed length control field 160627s2009 000 0 eng d
020 ## - INTERNATIONAL STANDARD BOOK NUMBER
International Standard Book Number 9789584520913
040 ## - CATALOGING SOURCE
Original cataloging agency CO-CtgCURN
Language of cataloging spa
Transcribing agency coctgcurn
082 0# - DEWEY DECIMAL CLASSIFICATION NUMBER
Classification number 338.98
Item number E951
100 1# - MAIN ENTRY--PERSONAL NAME
Personal name Edwards, Sebastian.
245 10 - TITLE STATEMENT
Title Populismo o mercados :
Remainder of title el dilema de America Latina /
Statement of responsibility, etc. Sebastian Edwards , traducción de María Mercedes Correa y Paula Botero.
260 ## - PUBLICATION, DISTRIBUTION, ETC.
Place of publication, distribution, etc. Bogotá :
Name of publisher, distributor, etc. Norma,
Date of publication, distribution, etc. 2009.
300 ## - PHYSICAL DESCRIPTION
Extent 329 p.
336 ## - CONTENT TYPE
Source rdacontent
337 ## - MEDIA TYPE
Source rdamedia
Media type term sin mediacion
Media type code n
338 ## - CARRIER TYPE
Source rdacarrier
Carrier type term volumen
Carrier type code nc
490 1# - SERIES STATEMENT
Series statement Colección documentos
504 ## - BIBLIOGRAPHY, ETC. NOTE
Bibliography, etc. note Bibliografia (p. 309-[329])
505 8# - FORMATTED CONTENTS NOTE
Formatted contents note Un largo retroceso: de la independencia al consenso de Washington.--El consenso de Washington y la recurrencia de crisis 1989-2002.--La reacción populista.--Los desafios futuros
650 14 - SUBJECT ADDED ENTRY--TOPICAL TERM
Topical term or geographic name entry element Economia
Form subdivision Historia
Geographic subdivision America Latina.
700 1# - ADDED ENTRY--PERSONAL NAME
Personal name Correa, María Mercedes
-- Botero, Paula.
908 ## - PUT COMMAND PARAMETER (RLIN)
Put command parameter 160627
942 ## - ADDED ENTRY ELEMENTS (KOHA)
Koha item type Libros
Classification part 338.98
Item part E951
Source of classification or shelving scheme Dewey Decimal Classification
Existencias
Withdrawn status Lost status Source of classification or shelving scheme Damaged status Not for loan Collection Home library Current library Shelving location Date acquired Inventory number Total checkouts Full call number Barcode Date last seen Price effective from Koha item type Public note
    Dewey Decimal Classification     General Miguel Henríquez Castañeda Miguel Henríquez Castañeda General 03/31/2025 013698   338.98 E951 013698 03/31/2025 03/31/2025 Libros 330-ECONOM